Bordeaux et ses inévitables - Statistiques

Statistiques générales
  • Ce quiz a été pris 735 fois
  • Le résultat moyen est 12 sur 16
Statistiques - réponses
Par images Réponse % Correct
Place de la Bourse
93%
Cité du vin
92%
Miroir d'eau
92%
Pont de pierre
90%
Grand Théâtre
88%
Rue Sainte Catherine
87%
Stade Chaban Delmas
84%
Gare Saint Jean
83%
Quinconces
77%
Place de la victoire
76%
Pont Chaban Delmas
71%
Stade Matmut Atlantique
70%
Grosse Cloche
47%
Cathédrale Saint André
41%
Statue de la liberté
37%
Palais Gallien
31%
Aucun quiz correspondant
Distribution des résultats
% des personnes avec chaque résultat
Percentile par nombre de réponses
Votre historique - résultats
Vous n’avez pas pris ce quiz